00800cam a2200205 a 450000100100000000500170001000800410002704000250006808200200009310000530011324500620016625000110022826000410023930000280028065000450030865000410035365000620039495201230045699900150057900000729120200929154125.0780517s1944 ag 000 0 spa  aDO-SdBNPbspacBNPHU axxbG633r, 19441 aGómez de la Serna, Ramón,d1888-1963.91427810aRetratos contemporáneos /cRamón Gómez de la Serna. a2a ed. aBuenos Aires :bSudamericana,c1944. a450 p. :bil. ;c21 cm. 4aAutores españolesxBiografías918116 4aAutores españoleszSiglo Xx920245 4aLiteratura modernazSiglo XxxHistoria y crítica920246 001052708MOaGRbGRcCTd2009-09-07iLF1l0oxx G633r, 1944p7291-10r2020-06-25w2020-06-25y2ZPréstamo interno c7072d7072